[Event "VIE-ch U07"]
[Site "Ho Chi Minh City"]
[Date "2014.07.17"]
[Round "8"]
[White "Le, Khac Hoang Tuan"]
[Black "Vu, Xuan Minh"]
[Result "1-0"]
[WhiteElo "1362"]
[BlackElo "1382"]
[PlyCount "42"]
[EventDate "2014.07.13"]
[EventType "swiss"]
[EventRounds "9"]
[EventCountry "VIE"]
[SourceTitle "EXT 2016"]
[Source "ChessBase"]
[SourceDate "2015.10.08"]
[SourceVersion "1"]
[SourceVersionDate "2015.10.08"]
[SourceQuality "1"]

1. e4 e6 2. d4 d5 3. exd5 exd5 4. Bd3 Nc6 5. c3 Nf6 6. Nf3 Be7 7. 0-0 0-0 8. Bg5 h6 9. Bxf6 Bxf6 10. Nbd2 Bg4 11. h3 Bxf3 12. Nxf3 Re8 13. Re1 Qd7 14. Qd2 Re7 15. Re2 Rae8 16. Rae1 b6 17. Bb5 Qd6 18. Bxc6 Qxc6 19. Rxe7 Rxe7 20. Rxe7 Bxe7 21. Ne5 Qf6 1-0

[Event "VIE-ch U07"]
[Site "Ho Chi Minh City"]
[Date "2014.07.13"]
[Round "2"]
[White "Vu, Xuan Minh"]
[Black "Hoang, Minh Hieu"]
[Result "0-1"]
[WhiteElo "1382"]
[BlackElo "1407"]
[PlyCount "50"]
[EventDate "2014.07.13"]
[EventType "swiss"]
[EventRounds "9"]
[EventCountry "VIE"]
[SourceTitle "EXT 2016"]
[Source "ChessBase"]
[SourceDate "2015.10.08"]
[SourceVersion "1"]
[SourceVersionDate "2015.10.08"]
[SourceQuality "1"]

1. e4 c5 2. Nf3 d6 3. c3 Nc6 4. Bb5 Bd7 5. d4 cxd4 6. cxd4 Qa5+ 7. Nc3 Nf6 8. a4 Nxe4 9. Bd2 Nxd2 10. Qxd2 a6 11. 0-0 Qb4 12. Bxc6 Bxc6 13. d5 Bd7 14. Nd4 Rc8 15. Ra3 f5 16. Rb3 Qc4 17. Rxb7 g6 18. b3 Qxc3 19. Qxc3 Rxc3 20. Ra7 Bg7 21. Ne6 Bxe6 22. dxe6 Rc8 23. g3 Bf6 24. Rxa6 0-0 25. b4 Ra8 0-1